Sarvodaya; (Record no. 82598)

MARC details
000 -LEADER
fixed length control field 00842cam a22002771 4500
001 - CONTROL NUMBER
control field sa 68008829
003 - CONTROL NUMBER IDENTIFIER
control field DLC
005 - DATE AND TIME OF LATEST TRANSACTION
control field 20260227112537.0
008 - FIXED-LENGTH DATA ELEMENTS--GENERAL INFORMATION
fixed length control field 711028s1967 ii b 000 0 eng
010 ## - LIBRARY OF CONGRESS CONTROL NUMBER
LC control number sa 68008829
025 ## - OVERSEAS ACQUISITION NUMBER
Overseas acquisition number PL480:I-E-10469
040 ## - CATALOGING SOURCE
Original cataloging agency DLC
Transcribing agency DLC
Modifying agency DLC
-- WaU
-- DLC
050 00 - LIBRARY OF CONGRESS CALL NUMBER
Classification number JC273
Item number .D57
082 00 - DEWEY DECIMAL CLASSIFICATION NUMBER
Classification number 320/.01
100 1# - MAIN ENTRY--PERSONAL NAME
Personal name Doctor, Adi Hormusji,
Dates associated with a name 1936-
245 10 - TITLE STATEMENT
Title Sarvodaya;
Remainder of title a political and economic study
Statement of responsibility, etc. [by] Adi H. Doctor.
260 ## - PUBLICATION, DISTRIBUTION, ETC.
Place of publication, distribution, etc. Bombay,
-- New York,
Name of publisher, distributor, etc. Asia Pub. House
Date of publication, distribution, etc. [c1967]
300 ## - PHYSICAL DESCRIPTION
Extent 229 p.
Dimensions 23 cm.
350 ## - PRICE (NR) (BK AM CF MU VM SE) [OBSOLETE]
Price Rs24
500 ## - GENERAL NOTE
General note "Approved for the ... Ph.D. degree ... of the Marathwada University in 1964."
504 ## - BIBLIOGRAPHY, ETC. NOTE
Bibliography, etc. note Bibliography: p. 215-226.
650 #0 - SUBJECT ADDED ENTRY--TOPICAL TERM
Topical term or geographic name entry element Sarvodaya movement.
650 #0 - SUBJECT ADDED ENTRY--TOPICAL TERM
Topical term or geographic name entry element State, The.
650 #0 - SUBJECT ADDED ENTRY--TOPICAL TERM
Topical term or geographic name entry element Economics.
600 10 - SUBJECT ADDED ENTRY--PERSONAL NAME
Personal name Gandhi,
Titles and other words associated with a name Mahatma,
Dates associated with a name 1869-1948.

No items available.

Powered by Koha